| 000 -LEADER |
| fixed length control field |
00617nam a22001577a 4500 |
| 005 - DATE AND TIME OF LATEST TRANSACTION |
| control field |
20230822124545.0 |
| 008 - FIXED-LENGTH DATA ELEMENTS--GENERAL INFORMATION |
| fixed length control field |
230822s1976 pl ||||| |||| 00| 0 pol d |
| 041 ## - LANGUAGE CODE |
| Language code of text/sound track or separate title |
pol |
| 080 ## - UNIVERSAL DECIMAL CLASSIFICATION NUMBER |
| Universal Decimal Classification number |
902 S-99 |
| 100 ## - MAIN ENTRY--PERSONAL NAME |
| Personal name |
Sztetyllo, Zofia |
| 9 (RLIN) |
19693 |
| 245 ## - TITLE STATEMENT |
| Title |
Nea Paphos I : |
| Remainder of title |
Les Timbres Ceramiques / |
| Statement of responsibility, etc. |
Zofia Sztetyllo; (Centre d Archeologique Mediterraneenne de l Academie Polonaise des Sciences et Centre Polonais d Archeologie Mediterraneenne dans la Republique Arabe d Egypte au Caire). |
| 264 ## - PRODUCTION, PUBLICATION, DISTRIBUTION, MANUFACTURE, AND COPYRIGHT NOTICE |
| Place of production, publication, distribution, manufacture |
Warszawa, |
| Date of production, publication, distribution, manufacture, or copyright notice |
1976. |
| 300 ## - PHYSICAL DESCRIPTION |
| Extent |
112 p.: |
| Other physical details |
ill.; |
| Dimensions |
30 cm. |
| 653 ## - INDEX TERM--UNCONTROLLED |
| keyword |
არქეოლოგია |
| 942 ## - ADDED ENTRY ELEMENTS (KOHA) |
| Source of classification or shelving scheme |
|
| Koha item type |
წიგნი |